| Поле | Инд. | ПП | Название | Значение |
|---|---|---|---|---|
| Тип записи | a | |||
| Библиографический уровень | m | |||
| 001 | Контрольный номер | RU/LIBMSTU/382435026 | ||
| 005 | Дата корректировки | 20160120150002.6 | ||
| 008 | Кодируемые данные | 120214|||||||||ru |||||||||||000|||rus|| | ||
| 020 | a | ISBN | 978-5-9916-1262-3 | |
| 040 | b | Код языка каталог. | rus | |
| 041 | a | Код языка текста | rus | |
| 084 | a | Индекс другой классификации/Индекс ББК | 67.75я7 | |
| 090 | a | Полочн. индекс | 67.75 | |
| x | Авторский знак | А 28 | ||
| 245 | 10 | a | Заглавие | Адвокатская деятельность и адвокатура в России |
| b | Продолж. заглавия | учебник для вузов | ||
| c | Ответственность | [Трунов И. Л. и др.] ; под ред. И. Л. Трунова ; Междунар. союз юристов | ||
| 260 | a | Место издания | Москва | |
| b | Издательство | Юрайт | ||
| c | Дата издания | 2011 | ||
| 300 | a | Объем | 527 с. | |
| 440 | a | Серия | Магистр | |
| 500 | a | Примечание | Авт. указаны на с. 5 | |
| 650 | a | Основная рубрика | Адвокатура-Учебные издания для высших учебных заведений | |
| 651 | a | Географическое наименование | США | |
| 651 | _4 | a | Географическое наименование | Германия |
| 651 | _4 | a | Географическое наименование | Швейцария |
| 651 | _4 | a | Географическое наименование | Франция |
| 651 | _4 | a | Географическое наименование | Англия |
| 653 | a | Ключевые слова | Адвокатская деятельность; Адвокатура; Зарубежные страны; История адвокатуры; Органы управления адвокатурой; Этика адвоката | |
| 700 | a | Другие авторы | Трунов И. Л. | |
| e | Роль лиц | авт.-ред. | ||
| 901 | t | Тип документа | m | |
| 952 | b | Гриф литературы для ВШ | Рекомендовано УМО по юридическому образованию | |
| c | Вид литературы | учебник |